• 首页
  • 本馆介绍
  • 公告通知
  • 最新文献
  • 馆藏检索
  • 电子资源
  • 读者导购
  • 参考咨询
  • 我的图书馆
  • 登录
  • 详细信息显示
  • 放入我的书架
  • 预约/预借图书
  • 作者相关作品
  • 分类相关作品
  • 丛书相关作品
  • 出版社相关作品

书目信息

  • 表格格式
  • 工作单格式
  • 卡片格式
题名:
《保险公估相关知识与法规》专项练习
    
 
作者: ;保险中介从业人员资格考试辅导用书编写组 编
分册:  
出版信息: 北京   中国财政经济出版社  2012
页数: 144页
开本: 24cm
丛书名:
单 册:
中图分类: F842.4-44
科图分类:
主题词: 保险业务--资格考试--习题集 , 保险法--中国--资格考试--习题集 , 保险业务 , 保险法
电子资源:
ISBN: 978-7-5095-4131-9
000 00998nam0 2200277 450
001 523
005 20140909165836.67
010    @a978-7-5095-4131-9@dCNY20.00
100    @a20131213d2012 em y0chiy50 ea
101 0  @achi
102    @aCN@b110000
105    @ay q 000yy
106    @ar
200 1  @a《保险公估相关知识与法规》专项练习@f保险中介从业人员资格考试辅导用书编写组编
210    @a北京@c中国财政经济出版社@d2012
215    @a144页@d24cm
300    @a保险中介从业人员资格考试辅导用书“专项突破”(最新版)
330    @a本书是一本《保险公估相关知识与法规》的练习册,针对考试大纲,采用试题的形式对考生的掌握程度进行考核,以帮助考生检验学习情况,找出薄弱环节,及时查漏补缺,进行针对性的复习。
606 0  @a保险业务@x资格考试@j习题集
606 0  @a保险法@y中国@x资格考试@j习题集
606 0  @a保险业务
606 0  @a保险法
690    @aF842.4-44@v5
711 02 @a保险中介从业人员资格考试辅导用书编写组@4编
801  0 @aCN@bTANGWEI@c20140603
905    @b0842600-02@dF842.4-44@e100@f3
    
    《保险公估相关知识与法规》专项练习/保险中介从业人员资格考试辅导用书编写组编.-北京:中国财政经济出版社,2012
    144页;24cm
    保险中介从业人员资格考试辅导用书“专项突破”(最新版)
    
    ISBN 978-7-5095-4131-9:CNY20.00
    本书是一本《保险公估相关知识与法规》的练习册,针对考试大纲,采用试题的形式对考生的掌握程度进行考核,以帮助考生检验学习情况,找出薄弱环节,及时查漏补缺,进行针对性的复习。
●
相关链接 在E读中查询图书 在五车中查询图书 在当当中查询图书 在豆瓣中查询图书


正题名:《保险公估相关知识与法规》专项练习     索取号:F842.4-44/100         预约/预借

序号 登录号 条形码 馆藏地/架位号 状态 备注
1 0842600   208426005   第一样本阅览室/ [索取号:F842.4-44/100] 在馆    
2 0842601   208426014   第一借阅区/ [索取号:F842.4-44/100] 在馆    
3 0842602   208426023   密集书库-海洋学院/ [索取号:F842.4-44/100] 在馆    
唐山师范学院图书馆 欢迎您!
大连网信软件有限公司© 版权所有